Statistics for Most Purchased Video Games Ever

Click here to take the quiz!

General Stats

  • This quiz has been taken 50 times
  • The average score is 5 of 15

Answer Stats

GrossedAnswer% Correct
$58,000,000Super Mario Bros
87%
$185,000,000GTA V
72%
$238,000,000Minecraft
72%
$63,920,000Mario Kart 8
50%
$100,000,000Tetris
48%
$47,520,000Pokémon Red / Green / Blue / Yellow
39%
$82,900,000Wii Sports
37%
$42,071,635Pac-Man
33%
$55,000,000Red Dead Redemption 2
22%
75,000,000PUBG
20%
$50,000,000Overwatch
17%
$42,790,000Animal Crossing: New Horizons
15%
$44,500,000Terraria
11%
$50,000,000The Witcher 3: Wild Hunt
9%
$43,800,000Wii Fit
7%

Score Distribution

Percentile by Number Answered

Percent of People with Each Score

Your Score History

You have not taken this quiz